<?xml version="1.0" encoding="UTF-8"?><?xml-stylesheet type="text/xsl" href="static/style.xsl"?><OAI-PMH xmlns="http://www.openarchives.org/OAI/2.0/" xmlns:xsi="http://www.w3.org/2001/XMLSchema-instance" xsi:schemaLocation="http://www.openarchives.org/OAI/2.0/ http://www.openarchives.org/OAI/2.0/OAI-PMH.xsd"><responseDate>2026-04-17T08:11:58Z</responseDate><request verb="GetRecord" identifier="oai:www.recercat.cat:2117/448796" metadataPrefix="marc">https://recercat.cat/oai/request</request><GetRecord><record><header><identifier>oai:recercat.cat:2117/448796</identifier><datestamp>2025-12-06T09:15:03Z</datestamp><setSpec>com_2072_1033</setSpec><setSpec>col_2072_452951</setSpec></header><metadata><record xmlns="http://www.loc.gov/MARC21/slim" xmlns:dcterms="http://purl.org/dc/terms/" xmlns:xsi="http://www.w3.org/2001/XMLSchema-instance" xmlns:doc="http://www.lyncode.com/xoai" xsi:schemaLocation="http://www.loc.gov/MARC21/slim http://www.loc.gov/standards/marcxml/schema/MARC21slim.xsd">
   <leader>00925njm 22002777a 4500</leader>
   <datafield ind2=" " ind1=" " tag="042">
      <subfield code="a">dc</subfield>
   </datafield>
   <datafield ind2=" " ind1=" " tag="720">
      <subfield code="a">Congost Adell, Arnau</subfield>
      <subfield code="e">author</subfield>
   </datafield>
   <datafield ind2=" " ind1=" " tag="260">
      <subfield code="c">2025-06-30</subfield>
   </datafield>
   <datafield ind2=" " ind1=" " tag="520">
      <subfield code="a">L’arquitectura ha de ser un reflex de la societat i pensament d’una època, però sovint es veu endarrerida respecte al seu temps. Per això és necessari un impuls que vagi més enllà, i l’arquitectura especulativa és aquesta força motriu que la fa tirar endavant. Aquesta no és sinó una alternativa exploratòria a l’arquitectura construïda tradicional, i fa ús d’elements de la cultura del moment per a reforçar el seu diàleg. El següent estudi fa èmfasi en les noves corrents que s’estan duent a terme, i com a cas d’estudi se centra específicament en la Bartlett School, partint de les bases assentades per Archigram i Peter Cook (director de la universitat) i veient com aquestes avancen en el temps fins a l’actualitat, sent l’estudi You+Pea, fundat per dos professors de la Bartlett, el cas recent d’estudi. Per mitjà d’aquests diversos elements es vol observar l’evolució de l’arquitectura especulativa fins a l’actualitat, veient-ho des de diferents angles, tant innovacions tecnològiques, com corrents de pensament, fins a la cultura pop que en condiciona la representació gràfica.</subfield>
   </datafield>
   <datafield ind2=" " ind1=" " tag="520">
      <subfield code="a">La arquitectura tiene que ser un reflejo de la sociedad y pensamiento de una época, pero a menudo se ve atrasada respecto a su tiempo. Por eso es necesario un impulso que vaya más allá, y la arquitectura especulativa es esta fuerza motriz que la hace salir adelante. Esta no es sino una alternativa exploratoria a la arquitectura construida tradicional, y hace uso de elementos de la cultura del momento para reforzar su diálogo. El siguiente estudio hace énfasis en las nuevas corrientes que se están llevando a cabo, y como caso de estudio se centra específicamente en la Bartlett School, partiendo de las bases asentadas por Archigram y Peter Cook (director de la universidad) y viendo como estas avanzan en el tiempo hasta la actualidad, siente el estudio You+Pea, fundado por dos profesores de la Bartlett, el caso reciente de estudio. Por medio de estos varios elementos se quiere observar la evolución de la arquitectura especulativa hasta la actualidad, viéndolo desde diferentes ángulos, tanto innovaciones tecnológicas, como deprisa de pensamiento, hasta la cultura pop que condiciona la representación gráfica.</subfield>
   </datafield>
   <datafield ind2=" " ind1=" " tag="520">
      <subfield code="a">Architecture must be a reflection of the society and thought of an era, but it is often lagged behind its time. That is why a push that goes further is necessary, and speculative architecture is that driving force that makes it move forward. This is but an exploratory alternative to traditional built architecture, and makes use of elements of the culture of the moment to strengthen its dialogue. The following study emphasizes the new currents that are being carried out, and as a case study it focuses specifically on the Bartlett School, starting from the bases established by Archigram and Peter Cook (director of the university) and seeing how these advance in time until the present, being the You+Pea study, founded by two professors of the Bartlett, the recent case study. Through these various elements, we want to observe the evolution of speculative architecture to the present day, seeing it from different angles, both technological innovations, as currents of thought, to the pop culture that conditions its graphic representation.</subfield>
   </datafield>
   <datafield ind1="8" ind2=" " tag="024">
      <subfield code="a">http://hdl.handle.net/2117/448796</subfield>
   </datafield>
   <datafield tag="653" ind2=" " ind1=" ">
      <subfield code="a">Àrees temàtiques de la UPC::Arquitectura::Arquitectes</subfield>
   </datafield>
   <datafield tag="653" ind2=" " ind1=" ">
      <subfield code="a">Architecture -- Study and teaching</subfield>
   </datafield>
   <datafield tag="653" ind2=" " ind1=" ">
      <subfield code="a">Architecture, Modern--21st century</subfield>
   </datafield>
   <datafield tag="653" ind2=" " ind1=" ">
      <subfield code="a">Architecture, Modern-- 20th century</subfield>
   </datafield>
   <datafield tag="653" ind2=" " ind1=" ">
      <subfield code="a">Archigram</subfield>
   </datafield>
   <datafield tag="653" ind2=" " ind1=" ">
      <subfield code="a">YOU+PEA</subfield>
   </datafield>
   <datafield tag="653" ind2=" " ind1=" ">
      <subfield code="a">Arquitectura especulativa</subfield>
   </datafield>
   <datafield tag="653" ind2=" " ind1=" ">
      <subfield code="a">Mario Carpo</subfield>
   </datafield>
   <datafield tag="653" ind2=" " ind1=" ">
      <subfield code="a">Bartlett School</subfield>
   </datafield>
   <datafield tag="653" ind2=" " ind1=" ">
      <subfield code="a">arquitectura experimental</subfield>
   </datafield>
   <datafield tag="653" ind2=" " ind1=" ">
      <subfield code="a">Smout Allen</subfield>
   </datafield>
   <datafield tag="653" ind2=" " ind1=" ">
      <subfield code="a">Arquitectura -- Ensenyament</subfield>
   </datafield>
   <datafield tag="653" ind2=" " ind1=" ">
      <subfield code="a">Arquitectura moderna -- S. XXI</subfield>
   </datafield>
   <datafield tag="653" ind2=" " ind1=" ">
      <subfield code="a">Arquitectura moderna -- S. XX</subfield>
   </datafield>
   <datafield ind2="0" ind1="0" tag="245">
      <subfield code="a">D'Archigram a you+pea : evolució de l'arquitectura especulativa</subfield>
   </datafield>
</record></metadata></record></GetRecord></OAI-PMH>